Perhubungan Awam di Malaysia

Bibliographic Details
Main Author: Wan Azmi Ramli
Format: Book
Published: P.J : Longman Malaysia , 1991
Subjects:

MARC

LEADER 00000cam a2200000 7i4500
001 0000006577
002 000007094
005 20000330.0
020 |a 967976608X 
090 0 0 |a 659.2   |b WAN 
100 0 |a Wan Azmi Ramli 
245 1 0 |a Perhubungan Awam di Malaysia   |c Wan Azmi Ramli 
260 |a P.J :   |b Longman Malaysia ,   |c 1991 
300 |a 247p. ;   |c 23cm. 
650 0 0 |a Public relations   |z Malaysia 
999 |a 00095428   |b BUKU   |c PINJAMAN   |e PERPUSTAKAAN KOMUNITI PETALING JAYA 
999 |a 00095429   |b BUKU   |c PINJAMAN   |e PERPUSTAKAAN KOMUNITI PETALING JAYA